Scènes d'Harry Potter 2 dans le désordre - Statistiques

Statistiques générales
  • Ce quiz a été pris 609 fois
    125 depuis la dernière actualisation
  • Le résultat moyen est 8 sur 18
Statistiques - réponses
Hint Explanation Réponse % Correct
Chapitre 2 L’avertissement de Dobby
86%
Chapitre 1 Un très mauvais anniversaire
80%
Chapitre 5 Le saule cogneur
76%
Chapitre 3 Le Terrier
74%
Chapitre 4 Chez Fleury & Bott
58%
Chapitre 6 Gilderoy Lockhart
50%
Chapitre 11 Le club de duel
44%
Chapitre 18 La récompense de Dobby
38%
Chapitre 9 L’avertissement
36%
Chapitre 8 L’anniversaire de mort
36%
Chapitre 7 Sang-de-Bourbe et drôle de voix
34%
Chapitre 17 L’héritier de Serpentard
26%
Chapitre 15 Aragog
24%
Chapitre 13 Un journal très intime
24%
Chapitre 12 Le Polynectar
24%
Chapitre 14 Cornelius Fudge
22%
Chapitre 10 Le Cognard fou
22%
Chapitre 16 La Chambre des Secrets
18%
Aucun quiz correspondant
Distribution des résultats
% des personnes avec chaque résultat
Percentile par nombre de réponses
Votre historique - résultats
Vous n’avez pas pris ce quiz depuis la dernière actualisation